The Role of the Judge in International Trade Regulation : Experience and Lessons for the WTO /
| Clasificación: | Libro Electrónico |
|---|---|
| Otros Autores: | , , |
| Formato: | Electrónico eBook |
| Idioma: | Inglés |
| Publicado: |
Ann Arbor:
University of Michigan Press,
2003.
|
| Colección: | Studies in international economics (Ann Arbor, Mich.)
World Trade Forum (Series) ; v. 4. Book collections on Project MUSE. |
| Temas: | |
| Acceso en línea: | Texto completo |
MARC
| LEADER | 00000cam a22000004a 4500 | ||
|---|---|---|---|
| 001 | musev2_6444 | ||
| 003 | MdBmJHUP | ||
| 005 | 20230905040743.0 | ||
| 006 | m o d | ||
| 007 | cr||||||||nn|n | ||
| 008 | 030115s2003 miu o 00 0 eng d | ||
| 010 | |z 2003040228 | ||
| 020 | |a 9780472024995 | ||
| 020 | |z 9780472113194 | ||
| 035 | |a (OCoLC)587834958 | ||
| 040 | |a MdBmJHUP |c MdBmJHUP | ||
| 050 | 0 | 4 | |a K4603 |b .W67 2000 |
| 082 | 0 | |a 382/.92 |2 21 | |
| 245 | 1 | 4 | |a The Role of the Judge in International Trade Regulation : |b Experience and Lessons for the WTO / |c Thomas Cottier and Petros C. Mavroidis, editors ; Patrick Blatter, associate editor. |
| 264 | 1 | |a Ann Arbor: |b University of Michigan Press, |c 2003. | |
| 264 | 3 | |a Baltimore, Md. : |b Project MUSE, |c 2012 | |
| 264 | 4 | |c ©2003. | |
| 300 | |a 1 online resource (376 pages). | ||
| 336 | |a text |b txt |2 rdacontent | ||
| 337 | |a computer |b c |2 rdamedia | ||
| 338 | |a online resource |b cr |2 rdacarrier | ||
| 490 | 0 | |a Studies in international economics | |
| 490 | 0 | |a World Trade Forum ; |v v. 4 | |
| 500 | |a Papers presented at the fourth annual World Trade Forum Conference held in Berne, Switzerland, on August 21-22, 2000. | ||
| 504 | |a Includes bibliographical references. | ||
| 588 | |a Description based on print version record. | ||
| 650 | 0 | |a Arbitration and award, International |v Congresses. | |
| 650 | 0 | |a Judges |v Congresses. | |
| 650 | 0 | |a Foreign trade regulation |v Congresses. | |
| 655 | 7 | |a Electronic books. |2 local | |
| 700 | 1 | |a Blatter, Patrick. | |
| 700 | 1 | |a Mavroidis, Petros C. | |
| 700 | 1 | |a Cottier, Thomas. | |
| 710 | 2 | |a Project Muse. |e distributor | |
| 830 | 0 | |a Studies in international economics (Ann Arbor, Mich.) | |
| 830 | 0 | |a World Trade Forum (Series) ; |v v. 4. | |
| 830 | 0 | |a Book collections on Project MUSE. | |
| 856 | 4 | 0 | |z Texto completo |u https://projectmuse.uam.elogim.com/book/6444/ |
| 945 | |a Project MUSE - Custom Collection | ||
| 945 | |a Project MUSE - Archive Complete Foundation | ||
| 945 | |a Project MUSE - Archive Political Science and Policy Studies Foundation | ||


